Statistics for Canadian Geography by Letter - K

Click here to take the quiz!

General Stats

  • This quiz has been taken 5 times
  • The average score is 4 of 9

Answer Stats

HintAnswer% Correct
Second largest city in the BC interiorKamloops
80%
Biggest city in the Okanagan ValleyKelowna
80%
Ontario city with a famous OktoberfestKitchener
60%
Ontario town near Manitoba borderKenora
40%
City at the mouth of the St. LawrenceKingston
40%
Suburb home to the Ottawa SenatorsKanata
20%
Bohemian Toronto neighborhoodKensington Market
20%
National park in the BC RockiesKootenay
20%
Popular beach/neighborhood in Vancouver's west sideKitsilano
0%

Score Distribution

Percentile by Number Answered

Percent of People with Each Score

Your Score History

You have not taken this quiz